Statistics for Continents by.... #1

Click here to take the quiz!

General Stats

  • This quiz has been taken 30 times
  • The average score is 45 of 56

Answer Stats

Answer% Correct
Africa
100%
Africa
100%
Africa
100%
Antarctica
100%
Antarctica
100%
Asia
100%
Asia
100%
Asia
100%
Australia
100%
Australia
100%
Australia
100%
Europe
100%
Europe
100%
Europe
100%
North America
100%
North America
100%
North America
100%
South America
100%
South America
100%
South America
100%
Africa
95%
Antarctica
95%
Antarctica
95%
Asia
95%
Australia
95%
Europe
95%
North America
95%
South America
95%
Africa
90%
Europe
90%
Asia
86%
North America
86%
Antarctica
81%
Australia
81%
Antarctica
76%
North America
76%
South America
76%
Asia
71%
Europe
71%
Africa
67%
Australia
67%
South America
67%
Africa
57%
Antarctica
57%
Asia
57%
Australia
57%
Europe
57%
North America
57%
Africa
52%
South America
52%
Asia
48%
Antarctica
38%
Australia
38%
Europe
38%
North America
38%
South America
38%

Score Distribution

Percentile by Number Answered

Percent of People with Each Score

Your Score History

You have not taken this quiz